Top-15 best-selling car brands worldwide - Statistics

General Stats
  • This quiz has been taken 203 times
  • The average score is 11 of 15
Answer Stats
Country Total Sales Answer % Correct
Japan 8.57 million Toyota
97%
USA 3.73 million Ford
91%
Germany 2.10 million BMW
88%
Japan 3.77 million Honda
86%
South Korea 3.54 million Hyundai
84%
Germany 4.97 million Volkswagen
82%
Germany 2.06 million Mercedes-Benz
81%
Germany 1.77 million Audi
75%
USA 2.69 million Chevrolet
75%
South Korea 2.73 million KIA
68%
Japan 2.98 million Nissan
67%
France 1.44 million Renault
57%
USA 1.77 million Tesla
48%
Japan 2.92 million Suzuki
41%
China 2.68 million BYD
40%
No matching quizzes found
Score Distribution
Percent of People with Each Score
Percentile by Number Answered
Your Score History
You have not taken this quiz